Sieťová analýza - Metóda kritickej cesty (CPM) diplomová práca

Enregistré dans:
Détails bibliographiques
Auteur principal: Biernátová, Zuzana
Collectivité auteur: Fakulta podnikového manažmentu EU. Katedra manažmentu výroby a logistiky - zrušená
Autres auteurs: Rakovská, Júlia, 1972-
Format: Livre
Langue:slovaque
Publié: Bratislava 2016
Tags: Ajouter un tag
Pas de tags, Soyez le premier à ajouter un tag!

MARC

LEADER 00000nbm a2200000 4500
001 0232163
005 20240911101643.4
041 0 |a slo 
044 |a SK 
245 1 0 |a Sieťová analýza - Metóda kritickej cesty (CPM)  |b diplomová práca  |c Zuzana Biernátová ; školiteľ: Júlia Rakovská 
264 1 |a Bratislava  |c 2016 
300 |a 55 s. 
100 1 |a Biernátová, Zuzana 
700 1 |a Rakovská, Júlia, 1972- 
710 2 |a Fakulta podnikového manažmentu EU. Katedra manažmentu výroby a logistiky - zrušená